LEADER 01643nam 2200553 450 001 9910815369503321 005 20220702194342.0 010 $a2-296-81352-6 010 $a2-296-46641-9 035 $a(CKB)3400000000126557 035 $a(SSID)ssj0000708401 035 $a(PQKBManifestationID)12305291 035 $a(PQKBTitleCode)TC0000708401 035 $a(PQKBWorkID)10647661 035 $a(PQKB)11687111 035 $a(MiAaPQ)EBC6669222 035 $a(Au-PeEL)EBL6669222 035 $a(OCoLC)1260346581 035 $a(EXLCZ)993400000000126557 100 $a20220702d2011 uy 0 101 0 $afre 135 $aurcnu|||||||| 181 $ctxt 182 $cc 183 $acr 200 00$aInternet, Machines a? Voter et De?mocratie /$fsous la direction de Elsa Forey et Christophe Geslot 210 1$aParis :$cL'Harmattan,$d[2011] 210 4$dİ2011 215 $a1 online resource (240 pages) 225 1 $aQuestions Contemporaines 300 $aBibliographic Level Mode of Issuance: Monograph 311 $a2-296-55365-6 410 0$aCollection Questions contemporaines. 606 $aInternet voting 606 $aVoting-machines$xTechnological innovations 606 $aDemocracy 615 0$aInternet voting. 615 0$aVoting-machines$xTechnological innovations. 615 0$aDemocracy. 676 $a324.65 702 $aForey$b Elsa 702 $aGeslot$b Christophe 801 0$bMiAaPQ 801 1$bMiAaPQ 801 2$bMiAaPQ 906 $aBOOK 912 $a9910815369503321 996 $aInternet, Machines a? Voter et De?mocratie$93985004 997 $aUNINA LEADER 04612nam 2200841 450 001 9910816311403321 005 20200520144314.0 010 $a0-8122-9013-5 024 7 $a10.9783/9780812290134 035 $a(CKB)3710000000290661 035 $a(OCoLC)896890183 035 $a(CaPaEBR)ebrary10988175 035 $a(SSID)ssj0001384065 035 $a(PQKBManifestationID)11888806 035 $a(PQKBTitleCode)TC0001384065 035 $a(PQKBWorkID)11325117 035 $a(PQKB)10011273 035 $a(MdBmJHUP)muse35443 035 $a(DE-B1597)451241 035 $a(OCoLC)897575075 035 $a(DE-B1597)9780812290134 035 $a(Au-PeEL)EBL3442447 035 $a(CaPaEBR)ebr10988175 035 $a(CaONFJC)MIL682667 035 $a(OCoLC)932313221 035 $a(MiAaPQ)EBC3442447 035 $a(EXLCZ)993710000000290661 100 $a20140327h20152015 uy| 0 101 0 $aeng 135 $aurcnu|||||||| 181 $ctxt 182 $cc 183 $acr 200 10$aAdapting to win $ehow insurgents fight and defeat foreign states in war /$fNoriyuki Katagiri 205 $aFirst edition. 210 1$aPhiladelphia :$cUniversity of Pennsylvania Press,$d[2015] 210 4$dİ2015 215 $a1 online resource (310 p.) 300 $aBibliographic Level Mode of Issuance: Monograph 311 $a1-322-51385-6 311 $a0-8122-4641-1 320 $aIncludes bibliographical references and index. 327 $tFront matter --$tContents --$t1. How Do Insurgents Fight And Defeat Foreign States In War? --$t2. Origins And Proliferation Of Sequencing --$t3. How Sequencing Theory Works --$t4. The Conventional Model: The Dahomean War (1890? 1894) --$t5. The Primitive Model: Malayan Emergency (1948? 1960) --$t6. The Degenerative Model: The Iraq War (2003? 2011) --$t7. The Premature Model: The Anglo- Somali War (1900? 1920) --$t8. The Maoist Model: The Guinean War of Independence (1963? 1974) --$t9. The Progressive Model: The Indochina War (1946? 1954) --$tConclusion --$tAppendix A. List of Extrasystemic Wars (1816? 2010) --$tAppendix B. Description of 148 Wars and Sequences --$tNotes --$tBibliography --$tIndex --$tAcknowledgments 330 $aWhen insurgent groups challenge powerful states, defeat is not always inevitable. Increasingly, guerrilla forces have overcome enormous disadvantages and succeeded in extending the period of violent conflict, raising the costs of war, and occasionally winning. Noriyuki Katagiri investigates the circumstances and tactics that allow some insurgencies to succeed in wars against foreign governments while others fail. Adapting to Win examines almost 150 instances of violent insurgencies pitted against state powers, including in-depth case studies of the war in Afghanistan and the 2003 Iraq war. By applying sequencing theory, Katagiri provides insights into guerrilla operations ranging from Somalia to Benin and Indochina, demonstrating how some insurgents learn and change in response to shifting circumstances. Ultimately, his research shows that successful insurgent groups have evolved into mature armed forces, and then demonstrates what evolutionary paths are likely to be successful or unsuccessful for those organizations. Adapting to Win will interest scholars of international relations, security studies, and third world politics and contains implications for government officials, military officers, and strategic thinkers around the globe as they grapple with how to cope with tenacious and violent insurgent organizations. 606 $aInsurgency 606 $aInsurgency$vCase studies 606 $aAsymmetric warfare 606 $aAsymmetric warfare$vCase studies 606 $aGuerrilla warfare 606 $aGuerrilla warfare$vCase studies 606 $aNon-state actors (International relations) 606 $aNon-state actors (International relations)$vCase studies 606 $aStrategy 610 $aPolitical Science. 610 $aPublic Policy. 615 0$aInsurgency. 615 0$aInsurgency 615 0$aAsymmetric warfare. 615 0$aAsymmetric warfare 615 0$aGuerrilla warfare. 615 0$aGuerrilla warfare 615 0$aNon-state actors (International relations) 615 0$aNon-state actors (International relations) 615 0$aStrategy. 676 $a355.02/1801 700 $aKatagiri$b Noriyuki$01661841 801 0$bMiAaPQ 801 1$bMiAaPQ 801 2$bMiAaPQ 906 $aBOOK 912 $a9910816311403321 996 $aAdapting to win$94018009 997 $aUNINA